000 01116nam a2200337 i 4500
003 EG-GICUC
005 20260507173019.0
008 260507s1962 fr |||fr|||| 000 0 Fre d
040 _aEG-GiCUC
_bfre
_cEG-GiCUC
_dEG-GiCUC
_eRda
041 0 _afre
082 0 4 _a345.6
_bGI.C
_221
092 0 4 _221
099 _aLaw 07 345.6 GI.C 1962
100 1 _aGilli, Jean-Paul.
_eAuteur
245 1 0 _aLa Cause Juridique De La Demande En Justice :
_bEssai De Définition /
_c Jean Paul Gilli .
264 1 _aParis :
_bLibrairie Generale De Droit Et De Jurisprudence,
_c1962.
300 _a262 Page ;
_c 24 cm.
336 _2rda contenu
_a texte
337 _2rda medias
_aOrdinateur
338 _2 transporteur rda
_a Ressource en ligne
490 _aBibliothéque De Droit Public
_vVol.44
546 _aTexte en français
650 1 _aDroit Administratif
650 1 _aDécisions administratives
651 1 _2qrmak
700 1 _aRivero, Jean
_ePréfacier
700 1 _aWaline, Marcel
_eContributeur
856 4 0 _uhttps://fll.law.cu.edu.eg/fulltext/bks/B07-05225.pdf
905 _a60
942 _2ddc
_n0
_cBK
_e21
999 _c76204
_d76204